000 00549 a2200169 4500
020 _a9056991841
020 _a9789056991845
082 0 4 _a530.12
090 _c397
_d397
100 1 _aRogalski, Mircea S.
245 1 0 _aQuantum physics /
_cMircea S. Rogalski, Stuart B. Palmer.
260 _a[S.l.] :
_bCRC Press,
_c1999.
300 _a488 p. ;
_c26 cm.
700 1 _aPalmer, Stuart B.
942 _aSNS
_cBK
_k530.12 ROG
999 _c29029
_d29029